000 00870nam a2200241Ia 4500
003 OSt
005 20220923210948.0
006 a|||||r|||| 00| 0
007 ta
008 220922b |||||||| |||| 00| 0 pan d
020 _a8126005653 (hbk)
024 _a235,014
037 _cTextual
040 _aARTS
_cARTS
_bpan
041 _2pan
_apan
082 _aO153,3M21x, N8
100 _aਵਿਰਕ, ਕੁਲਵੰਤ ਸਿੰਘ; ਅਜੀਤ ਕੌਰ, ਙਠ.
_9156575
245 0 _aਕੁਲਵੰਤ ਸਿੰਘ ਵਿਰਕ ਦੀਆਂ ਚੋਣਵੀਆਂ ਕਹਾਣੀਆਂ
260 _aਦਿੱਲੀ
_b ਸਾਹਿਤ ਅਕਾਦੇਮੀ
_c1998
300 _a198ਪੰ
_ccm.
942 _hO153,3M21x, N8
_cTEXL
_2CC
999 _c293206
_d293206